| 000 | 00690nam a22002057a 4500 | ||
|---|---|---|---|
| 008 | 161125b xxu||||| |||| 00| 0 eng d | ||
| 020 | _a9780596002435 | ||
| 050 |
_aTK5103.2 _b.M34 2002 |
||
| 100 | _aMahmoud, Qusay H., 1971- | ||
| 245 |
_aLearning wireless Java / _cQusay H. Mahmoud |
||
| 260 |
_aSebastopol, Calif. : _bO'Reilly, _c2002 |
||
| 300 |
_axiii, 245 p. : _bill. ; _c24 cm |
||
| 500 | _aIncludes index | ||
| 500 | _a"Help for new J2ME developers"--Cover | ||
| 500 | _a "Covers Motorola and Palm hardware"--Cover | ||
| 650 | _aWireless communication systems | ||
| 650 | _aJava (Computer program language) | ||
| 650 | _aComputer programaming | ||
| 942 |
_2lcc _cBK |
||
| 999 |
_c47451 _d47451 |
||